000 00461nam a22001697a 4500
003 SGT
020 _a9788194974536
082 _a610.73
_bH23J
100 _aJAIN, SONALI
245 _aTB. OF HEALTH NURSING INFORMATICS & TECHNOLOGY FOR BSC NURSING
250 _a1ST
260 _aINDIA
_bSAURABH MEDICAL PUB
_c2023
300 _a274
650 _aNURSING EDUCATION
653 _aHEALTH NURSING INFORMATICS & TECHNOLOGY FOR BSC NURSING
942 _2ddc
_cBK
999 _c34836
_d34836